<?xml version="1.0" encoding="UTF-8"?><?xml-stylesheet type="text/xsl" href="static/style.xsl"?><OAI-PMH xmlns="http://www.openarchives.org/OAI/2.0/" xmlns:xsi="http://www.w3.org/2001/XMLSchema-instance" xsi:schemaLocation="http://www.openarchives.org/OAI/2.0/ http://www.openarchives.org/OAI/2.0/OAI-PMH.xsd"><responseDate>2026-04-27T20:24:02Z</responseDate><request verb="GetRecord" identifier="oai:uvadoc.uva.es:10324/32463" metadataPrefix="marc">https://uvadoc.uva.es/oai/request</request><GetRecord><record><header><identifier>oai:uvadoc.uva.es:10324/32463</identifier><datestamp>2021-06-29T22:24:48Z</datestamp><setSpec>com_10324_38</setSpec><setSpec>col_10324_852</setSpec></header><metadata><record xmlns="http://www.loc.gov/MARC21/slim" xmlns:doc="http://www.lyncode.com/xoai" xmlns:xsi="http://www.w3.org/2001/XMLSchema-instance" xmlns:dcterms="http://purl.org/dc/terms/" xsi:schemaLocation="http://www.loc.gov/MARC21/slim http://www.loc.gov/standards/marcxml/schema/MARC21slim.xsd">
<leader>00925njm 22002777a 4500</leader>
<datafield tag="042" ind1=" " ind2=" ">
<subfield code="a">dc</subfield>
</datafield>
<datafield tag="720" ind1=" " ind2=" ">
<subfield code="a">Rosa San José, Alba de la</subfield>
<subfield code="e">author</subfield>
</datafield>
<datafield tag="260" ind1=" " ind2=" ">
<subfield code="c">2018</subfield>
</datafield>
<datafield tag="520" ind1=" " ind2=" ">
<subfield code="a">La sociedad actual se caracteriza por ser multicultural, por ello, la escuela debe ofrecer una Educación Intercultural transmitiendo una enseñanza de calidad en la que se den repuesta a las necesidades de cada estudiante. En este TFG se pretende fomentar las relaciones interpersonales entre el alumnado inmigrante y el autóctono a través del área de Educación Física y, más concretamente, con juegos del mundo.&#xd;
La intervención de este estudio se ha desarrollado con un grupo de 5º de Educación Primaria y ha consistido en la puesta en práctica de una unidad didáctica “Y tú, ¿a qué juegas?” en la que se han trabajado juegos de los cinco continentes durante siete sesiones.</subfield>
</datafield>
<datafield tag="024" ind2=" " ind1="8">
<subfield code="a">http://uvadoc.uva.es/handle/10324/32463</subfield>
</datafield>
<datafield tag="245" ind1="0" ind2="0">
<subfield code="a">La inclusión del alumnado inmigrante a través de la Educación Física</subfield>
</datafield>
</record></metadata></record></GetRecord></OAI-PMH>